书目信息 |
| 题名: |
UE5虚拟现实案例全流程教学
|
|
| 作者: | 刘配团 , 李铁 , 朱瑞琪 主编 | |
| 分册: | ||
| 出版信息: | 北京 清华大学出版社 2025.05 |
|
| 页数: | 256页 | |
| 开本: | 26cm | |
| 丛书名: | ||
| 单 册: | ||
| 中图分类: | TP391.98 | |
| 科图分类: | ||
| 主题词: | 虚拟现实--xu ni xian shi--程序设计 | |
| 电子资源: | ||
| ISBN: | 978-7-302-68828-0 | |
| 000 | 00993nam0 2200265 450 | |
| 001 | 93228 | |
| 005 | 20250818203658.44 | |
| 010 | @a978-7-302-68828-0@dCNY88.00 | |
| 100 | @a20250626d2025 em y0chiy50 ea | |
| 101 | 0 | @achi |
| 102 | @aCN@b110000 | |
| 105 | @aa a 000yy | |
| 106 | @ar | |
| 200 | 1 | @aUE5虚拟现实案例全流程教学@AUE5 xu ni xian shi an li quan liu cheng jiao xue@e微视频版@f刘配团, 李铁, 朱瑞琪主编 |
| 210 | @a北京@c清华大学出版社@d2025.05 | |
| 215 | @a256页@c彩图@d26cm | |
| 320 | @a有书目 | |
| 330 | @a本书共八章, 内容包括: 虚幻引擎简介与新功能案例、虚拟现实场景制作、虚幻引擎的灯光系统、虚幻引擎材质系统、虚幻引擎蓝图交互系统、动画角色系统与蒙太奇、关卡序列剪辑系统与虚拟现实UI、VR虚拟现实项目应用。 | |
| 606 | 0 | @a虚拟现实@Axu ni xian shi@x程序设计 |
| 690 | @aTP391.98@v5 | |
| 701 | 0 | @a刘配团@Aliu pei tuan@4主编 |
| 701 | 0 | @a李铁@Ali tie@4主编 |
| 701 | 0 | @a朱瑞琪@Azhu rui qi@4主编 |
| 801 | 0 | @aCN@c20250909 |
| 905 | @a河南城建学院图书馆@dTP391.98@eL650@f1 | |
| UE5虚拟现实案例全流程教学:微视频版/刘配团, 李铁, 朱瑞琪主编.-北京:清华大学出版社,2025.05 |
| 256页:彩图;26cm |
| ISBN 978-7-302-68828-0:CNY88.00 |
| 本书共八章, 内容包括: 虚幻引擎简介与新功能案例、虚拟现实场景制作、虚幻引擎的灯光系统、虚幻引擎材质系统、虚幻引擎蓝图交互系统、动画角色系统与蒙太奇、关卡序列剪辑系统与虚拟现实UI、VR虚拟现实项目应用。 |
| ● |
| 相关链接 |
|
|
|
正题名:UE5虚拟现实案例全流程教学
索取号:TP391.98/L650
 
预约/预借
| 序号 | 登录号 | 条形码 | 馆藏地/架位号 | 状态 | 备注 |
| 1 | 1627186 | 216271861 | 自科库301/301自科库 114排1列1层/ [索取号:TP391.98/L650] | 在馆 |